000 00647cam a22002413a 4500
001 538
003 PGUSA
005 20140828082949.0
008 960501s1996||||xxu|||||s|||||000 1 eng d
040 _aPGUSA
_beng
042 _adc
050 4 _aPS
100 1 _aBower, B. M.,
_d1874-1940
245 1 0 _aJean of the Lazy A
_h[electronic resource] /
_cB. M. Bower
260 _bProject Gutenberg,
_c1996
506 _aPublic domain in the USA.
516 _aElectronic text
653 _aWestern stories
653 _aRanch life -- Fiction
830 0 _aProject Gutenberg
_v538
856 4 0 _uhttp://www.gutenberg.org/ebooks/538
942 _cEB
999 _c229889
_d229889